000 01103naa a22002897a 4500
001 BR8405400
003 BR-BrBNA
005 20240918175503.0
007 ta
008 230509b bl.||||| |||| 00| 0 por d
040 _aBR-BrBNA
_bpor
_cBiblioteca Nacional de Agricultura
041 _a(En, Pt)
072 _aE11
090 _aE11 BR8405400
100 1 _aAngus-Leppan, P.V.
111 1 _aSimposio Internacional de Experiencia Fundiaria
_cSalvador, BA (Brazil)
_d20-24 Aug 1984
245 1 _aAerofotogrametria na demarcacao e medicao de terras rurais e o uso do processamento de dados na titulacao
260 3 _aBrasilia, DF (Brasil):
_c1984.
500 _aAnais do Simposio Internacional de Experiencia Fundiaria Brasilia, DF (Brasil): 1984. p. 347-400 (BR8405400-AM)E11
650 _aPROPRIEDADE RURAL
650 _aAEROFOTOGRAMETRIA
650 _aCADASTRO RURAL
650 _aCARTOGRAFIA
773 0 _tAnais do Simposio Internacional de Experiencia Fundiaria
_b
_wE11 BR8405400
_gBrasilia, DF (Brasil), 1984. p. 347-400
909 _a202404
_bLucia
_c55
_dLucia Elande
942 _cAM
_2AGRIS
999 _c316956
_d316956